000 00275nam a2200109Ia 4500
008 190216s9999||||xx |||||||||||||| ||und||
100 _aPaul Johnson
245 0 _aHistory Of The Modern World From 1917 To The 1980
260 _bJohn Murrary
650 _aHistory
942 _cBK
999 _c19431
_d19431